Statistics for Guess the extinct animals from the meaning of their scientific names

Click here to take the quiz!

General Stats

  • This quiz has been taken 30 times
  • The average score is 7 of 15

Answer Stats

HintAnswer% Correct
"Three horned face"Triceratops
93%
"Tyrant lizard king"Tyrannosaurus
93%
"Swift robber/thief"Velociraptor
74%
"Iguana tooth"Iguanodon
70%
"Lizard from Edmonton"Edmontosaurus
56%
"Big tooth"Megalodon
56%
"Ancient wing"Archaeopteryx
44%
"Winged finger"Pterodactylus
44%
"Meat bull"Carnotaurus
41%
"Roof lizard"Stegosaurus
41%
"Double beam"Diplodocus
37%
"Terrible claw"Deinonychus
30%
"Large/massive"Mammuthus
26%
"Three lobes"Trilobite
19%
"Two measures of tooth"Dimetrodon
11%

Score Distribution

Percentile by Number Answered

Percent of People with Each Score

Your Score History

You have not taken this quiz